000 00272nam a2200109Ia 4500
999 _c17937
_d17937
082 _aRK.0142
100 _aKakkar, S.B.
245 0 _aPersonality characteristics and educational problems of scheduled class students
260 _c1990
300 _a123p.
942 _cTH
_2ddc